01831 a2200241 45000010006000000050017000060080041000230030015000640400040000790800085001192450053002040200018002572640033002753000026003085050937003340410008012719420007012795900036012861000023013229990015013459520105013609520124014654110020260407155704.0260407a1996 arg spa dAR-UNSa-BCEJYS aAR-UNSa-BCEJYSbspacAR-UNSa-BCEJYS a342.4xConstituciones. Asambleas legislativas. Asambleas nacionales (Reforma...)10aConstitución Argentinapcomentada y concordada a950-508-450-1 1aBuenos Aires :bAstreac1996 axxiii, 633 p.c20 cm. aPRIMERA PARTE. 1. Declaraciones, derechos y garantías - 2. Nuevos derechos y garantías --SEGUNDA PARTE. Autoridades de la Nación. Título primero: Gobierno Federal. Sección primera: Del poder legislativo . 1. De la cámara de diputados - 2. Del senado - 3. Disposiciones comunes a ambas cámaras - 4. Atribuciones del congreso - 5. De la formación y sanción de las Leyes - 6. De la auditoría general de la nación - 7. Del defensor del pueblo -- Sección segunda: Del poder ejecutivo. 1. De su naturaleza y duración - 2. De la forma y tiempo de la elección del presidente y vicepresidente de la Nación - 3. Atribuciones del poder ejecutivo - 4. Del jefe de gabinete y demás ministros del poder ejecutivo -- Sección Tercera: Del poder judicial. 1. De su naturaleza y duración - 2. Atribuciones del poder judicial -- Sección Cuarta: Del ministerio público -- Título Segundo: Gobiernos de Provincia aspa cBK aniveau_biblio:m niveau_hierar:01 aZarini, Helio Juan c3368d3368 00104070aBCEJYSbBCEJYSc16d2026-04-07l0o342.4 Z37pL70195r2026-04-07 15:57:04w2026-04-07yL 00104070aBCEJYSbBCEJYSc16d2026-04-07l0o342.4 Z37pL70196r2026-04-07 15:57:04w2026-04-07yLzPARTIDO - LÁPIZ